| 000 | 00518nam a22001697a 4500 | ||
|---|---|---|---|
| 999 |
_c9390 _d9390 |
||
| 008 | 210409b ||||| |||| 00| 0 eng d | ||
| 040 | _aBMS College of Architecture | ||
| 100 | _aAlex, Sona | ||
| 245 | _aThe leftover spaces in an Urban fabric | ||
| 300 | _a42p. | ||
| 500 | _a1BM12AHD07 | ||
| 502 |
_8M.Arch (Habitat Design) _NBMS College of Architecture, Visvesvaraya Technological University _aDissertation _d2014 |
||
| 650 | _aUrban | ||
| 650 | _aFabric | ||
| 700 |
_aBhaghyalaxmi M _eGuide |
||
| 942 |
_2ddc _cPGTHE |
||